01017 am a2200265 a 450000500170000000800410001702000180005804100080007609200190008410000280010324500730013125000110020426000710021530000160028650001320030265300270043465300340046165300430049565300290053865300300056793000090059794200120060699900130061895201200063120240229110755.0100316s2009||||ag a f |||| 000 0 spa d a9789870569510 aspa c615.8s98lZIN1 aZingoni, Emilio F.9486 aCrenoterapia respiratoria.bTermas de Copahue / cEmilio F. Zingoni. a1a ed. aNeuquén [Patagonia Argentina]: bEdiciones Patagónicas;c2009. a195 p.bil. aZingoni, E. F. (2009). Crenoterapia respiratoria. Termas de Copahue. (1a ed.). Neuquén (Argentina) : Ediciones Patagónicas. aCrenoterapia en O.R.L. aCrenoterapia en O.R.L. azufre aFisiología de la mucosa respiratoria aTrabajos en crenoterapia aCopahue. Manejo de termas a2006 2ddccBK c132d132 00102ddc4070aBFMbBFMcCRd2011-05-13l0o615.8 ZINp2006r2014-11-06tej.1w2011-05-13yBKzHemeroteca 2022f